| Tag |
First Indicator |
Second Indicator |
Subfields |
| LEADER |
00000cam a22000004a 4500 |
| 001 |
in00001517455 |
| 005 |
20151021102427.0 |
| 008 |
990128s1999 enkaf b 001 0 eng |
| 010 |
|
|
|a 99013887
|
| 020 |
|
|
|a 0632053380
|
| 035 |
|
|
|a (OCoLC)40753119
|
| 035 |
|
|
|9 AJL1262AM
|
| 040 |
|
|
|a DLC
|c DLC
|d C#P
|d TXA
|d UtOrBLW
|
| 042 |
|
|
|a pcc
|
| 049 |
|
|
|a TXAM
|
| 050 |
0 |
0 |
|a TP1142
|b .C49 1999
|
| 082 |
0 |
0 |
|a 668.9
|2 21
|
| 245 |
0 |
0 |
|a Chemistry and technology of polymer additives /
|c edited by S. Al-Malaika, A. Golovoy, C.A. Wilkie.
|
| 246 |
3 |
0 |
|a Polymer additives
|
| 264 |
|
1 |
|a Oxford ;
|a Malden, MA :
|b Blackwell Science,
|c 1999.
|
| 300 |
|
|
|a vi, 294 pages, 2 unnumbered pages of plates :
|b illustrations (some color) ;
|c 26 cm.
|
| 336 |
|
|
|a text
|b txt
|2 rdacontent
|
| 337 |
|
|
|a unmediated
|b n
|2 rdamedia
|
| 338 |
|
|
|a volume
|b nc
|2 rdacarrier
|
| 504 |
|
|
|a Includes bibliographical references and index.
|
| 650 |
|
0 |
|a Polymers
|x Additives.
|
| 650 |
|
0 |
|a Stabilizing agents.
|
| 700 |
1 |
|
|a Al-Malaika, S.
|q (Sahar)
|
| 700 |
1 |
|
|a Golovoy, A.
|
| 700 |
1 |
|
|a Wilkie, Charles A.,
|d 1941-
|
| 948 |
|
|
|a c:pk
|
| 999 |
|
|
|a MARS
|
| 999 |
f |
f |
|s 943d2003-327c-338f-9cf4-fd49cb78e2bc
|i 710ca709-037b-346e-9df9-b438db41993d
|t 0
|
| 952 |
f |
f |
|p ric
|a Texas A&M University
|b Rellis Campus
|c Joint Library Facility
|d Remote Storage
|t 0
|e TP1142 .C49 1999
|h Library of Congress classification
|i unmediated -- volume
|m A14825269820
|
| 998 |
f |
f |
|a TP1142 .C49 1999
|t 0
|l Remote Storage
|